Missing Word: Entertainment Z Quiz Stats

Quiz Updated Nov 18, 2017

Challenge
Share
Tweet
Embed
Score 0/20 Timer 04:00
0 Plays Today
Hint Answer % Correct
MovieZorro
95%
MovieZero
91.8%
MusicalZag
90.4%
AlbumZeppelin
87.5%
BookZhivago
82.6%
BookZorba
76.3%
AlbumZZ
73.2%
MovieZohan
71.3%
AlbumZiggy
64.8%
BookZebra
55.3%
Hint Answer % Correct
BookZooey
44.1%
BookZombie
42%
MusicalZone
42%
MusicalZiegfeld
35.3%
AlbumZenyatta
32.8%
MovieZed
31.6%
MusicalZip
25.3%
MovieZulu
17.7%
AlbumZoot
9.4%
MusicalZanna
3.7%

Today's Daily Dose

Word Ladder
Summertime

On This Day
June 23rd II

You're not logged in!

Compare scores with friends on all Sporcle quizzes.
Join for Free
OR
Log In

You Might Also Like...

Show Comments

Extras

Top Quizzes Today


Score Distribution

Your Account Isn't Verified!

In order to create a playlist on Sporcle, you need to verify the email address you used during registration. Go to your Sporcle Settings to finish the process.

Report this User

Report this user for behavior that violates our Community Guidelines.

Details: